Essentials of physical chemistry: (Record no. 20725)

MARC details
000 -LEADER
fixed length control field 00623nam a22002297a 4500
003 - CONTROL NUMBER IDENTIFIER
control field OSt
005 - DATE AND TIME OF LATEST TRANSACTION
control field 20250612153848.0
008 - FIXED-LENGTH DATA ELEMENTS--GENERAL INFORMATION
fixed length control field 250612b |||||||| |||| 00| 0 eng d
020 ## - INTERNATIONAL STANDARD BOOK NUMBER
International Standard Book Number 9789355010605
040 ## - CATALOGING SOURCE
Original cataloging agency KABU
Transcribing agency KABU
050 ## - LIBRARY OF CONGRESS CALL NUMBER
Classification number QD453
Item number .B86 2022
100 ## - MAIN ENTRY--PERSONAL NAME
Personal name Bahl, Arun
245 ## - TITLE STATEMENT
Title Essentials of physical chemistry:
Remainder of title for BSC Students /
Statement of responsibility, etc. Arun Bahl, B. S. Bahl & G.D. Tuli
250 ## - EDITION STATEMENT
Edition statement 28th ed.
260 ## - PUBLICATION, DISTRIBUTION, ETC. (IMPRINT)
Place of publication, distribution, etc. New Delhi:
Name of publisher, distributor, etc. S. Chand & Co,
Date of publication, distribution, etc. 2022
300 ## - PHYSICAL DESCRIPTION
Extent xviii, 1222p.
500 ## - GENERAL NOTE
General note Includes index
650 ## - SUBJECT ADDED ENTRY--TOPICAL TERM
Topical term or geographic name as entry element Physical chemistry
700 ## - ADDED ENTRY--PERSONAL NAME
Personal name Bahl, B.S.
700 ## - ADDED ENTRY--PERSONAL NAME
Personal name Tuli, G.D.
942 ## - ADDED ENTRY ELEMENTS (KOHA)
Source of classification or shelving scheme Library of Congress Classification
Koha item type General Collection
Holdings
Withdrawn status Lost status Source of classification or shelving scheme Not for loan Home library Current library Shelving location Date acquired Cost, normal purchase price Inventory number Total Checkouts Total Renewals Full call number Barcode Date last seen Date last checked out Copy number Price effective from Koha item type
    Library of Congress Classification   Kabarak, Main Campus Kabarak, Main Campus General Stacks 12/06/2025 7320.00 2025/2074 8 1 QD453 .B86 2022 C.2 33181 17/02/2026 05/02/2026 C.2 12/06/2025 General Collection
    Library of Congress Classification   Kabarak, Main Campus Kabarak, Main Campus General Stacks 12/06/2025 7320.00 2025/2073 10   QD453 .B86 2022 C.1 33182 01/04/2026 16/03/2026 C.1 12/06/2025 General Collection
    Library of Congress Classification   Kabarak, Main Campus Kabarak, Main Campus General Stacks 12/06/2025 7320.00 2025/2072 7 1 QD453 .B86 2022 C.3 33183 09/04/2026 23/03/2026 C.3 12/06/2025 General Collection
Designed with assistance from East African Informatics Ltd